| 000 | 00573nam a2200205Ia 4500 | ||
|---|---|---|---|
| 003 | GCL | ||
| 008 | 140319s9999 xx 000 0 ara d | ||
| 040 |
_aGCL / _cGCL |
||
| 082 | 0 | 4 |
_a910.41 _bم س |
| 100 | 1 | _aمصطفى احمد | |
| 245 | 1 | 0 |
_aسندباد اخر زمن / _cمصطفى احمد |
| 260 |
_a[S.N] : _bدار الفكر العربى ، _c1989 |
||
| 300 | _a155 ص | ||
| 490 | _a | ||
| 650 | 0 | 4 | _aالولايات المتحدة الامريكية |
| 650 | 0 | 4 | _aالقصص |
| 650 | 0 | 4 | _aوصف ورحلات |
| 650 | 0 | 4 | _aاوربا |
| 942 |
_2ddc _cBK |
||
| 999 |
_c40436 _d40436 |
||